The Building Regulations 1991 : hygiene. Approved Document G (Record no. 102690)

MARC details
000 -LEADER
fixed length control field 01275cam a2200349 4500
001 - CONTROL NUMBER
control field
008 - FIXED-LENGTH DATA ELEMENTS--GENERAL INFORMATION
fixed length control field 030317n1992 000 0 eng u
020 ## - INTERNATIONAL STANDARD BOOK NUMBER
International Standard Book Number 0117524433
035 ## - SYSTEM CONTROL NUMBER
System control number (Sirsi) u121639
050 ## - LIBRARY OF CONGRESS CALL NUMBER
Classification number 692.2
-- 18
110 ## - MAIN ENTRY--CORPORATE NAME
Corporate name or jurisdiction name as entry element Department for Environment, Transport and the Regions
9 (RLIN) 4203
240 ## - UNIFORM TITLE
Uniform title Approved Document g
240 ## - UNIFORM TITLE
Uniform title Part G
245 #4 - TITLE STATEMENT
Title The Building Regulations 1991 : hygiene. Approved Document G
250 ## - EDITION STATEMENT
Edition statement 1992 ed.
260 ## - PUBLICATION, DISTRIBUTION, ETC.
Place of publication, distribution, etc. Norwich
Name of publisher, distributor, etc. TSO
Date of publication, distribution, etc. 1992
505 ## - FORMATTED CONTENTS NOTE
Formatted contents note G1 : sanitary conveniences and washing facilities
505 ## - FORMATTED CONTENTS NOTE
Formatted contents note G2 : bathrooms
505 ## - FORMATTED CONTENTS NOTE
Formatted contents note G3 : hot water storage
520 ## - SUMMARY, ETC.
Summary, etc. Coming into effect 1 June 1992. View at www.safety.odpm.gov.uk.
650 ## - SUBJECT ADDED ENTRY--TOPICAL TERM
Topical term or geographic name entry element BATHROOMS
650 ## - SUBJECT ADDED ENTRY--TOPICAL TERM
Topical term or geographic name entry element BUILDING REGULATIONS 1991
650 ## - SUBJECT ADDED ENTRY--TOPICAL TERM
Topical term or geographic name entry element BUILDING REGULATIONS 1991 APPROVED DOCUMENT G (1992 EDITION)
650 ## - SUBJECT ADDED ENTRY--TOPICAL TERM
Topical term or geographic name entry element HOT WATER SYSTEMS
650 ## - SUBJECT ADDED ENTRY--TOPICAL TERM
Topical term or geographic name entry element SANITARY INSTALLATIONS
650 ## - SUBJECT ADDED ENTRY--TOPICAL TERM
Topical term or geographic name entry element TOILETS
650 ## - SUBJECT ADDED ENTRY--TOPICAL TERM
Topical term or geographic name entry element WASHING FACILITIES
690 ## - LOCAL SUBJECT ADDED ENTRY--TOPICAL TERM (OCLC, RLIN)
Topical term or geographic name as entry element BUILT ENVIRONMENT-BUILDING STANDARDS
710 ## - ADDED ENTRY--CORPORATE NAME
Corporate name or jurisdiction name as entry element United Kingdom
Subordinate unit Welsh Office
9 (RLIN) 1214
856 ## - ELECTRONIC LOCATION AND ACCESS
Uniform Resource Identifier <a href="https://webarchive.nationalarchives.gov.uk/+/http://www.communities.gov.uk/index.asp?id=1130637">https://webarchive.nationalarchives.gov.uk/+/http://www.communities.gov.uk/index.asp?id=1130637</a>
Hours access method available View the item on the webarchive.nationalarchives.gov.uk website.
942 ## - ADDED ENTRY ELEMENTS (KOHA)
Suppress in OPAC 0
Holdings
Withdrawn status Lost status Source of classification or shelving scheme Damaged status Not for loan Home library Current library Shelving location Date acquired Total Checkouts Full call number Barcode Date last seen Copy number Price effective from Koha item type
    Dewey Decimal Classification     Virtual Virtual Online 17/03/2003   ONLINE PUBLICATION 121639-2001 06/08/2019 1 06/08/2019 Book